000 00592nam a2200193Ia 4500
008 191130s2004##################000#0#eng##
020 _a9781931836319
040 _aACL
_cACL
082 _a006.7 GRA
100 _aGrand, Joe
245 _aGame console hacking : Xbox, PlayStation, Nintendo, game boy, Atari, & Sega
_cJoe Grand, Albert Yarusso
260 _aRockland, MA
_bSyngress
_c2004
300 _a512 p. : ill
650 _aVideo games -- Equipment and supplies
700 _aYarusso, Albert
990 _adc473e0bac10000c56e2869bc2712c71
991 _a120375
999 _c191377
_d191377